Research in information science (Record no. 56308)

MARC details
000 -LEADER
fixed length control field 00595nam a2200157 a 4500
008 - FIXED-LENGTH DATA ELEMENTS--GENERAL INFORMATION
fixed length control field 120416s2002 ||||||||||||||||| || u
020 ## - INTERNATIONAL STANDARD BOOK NUMBER
International Standard Book Number 9780320539
050 ## - LIBRARY OF CONGRESS CALL NUMBER
Classification number Z 699.5.R47.A258 Res
100 ## - MAIN ENTRY--PERSONAL NAME
Personal name Aina, L. O
245 10 - TITLE STATEMENT
Title Research in information science
Statement of responsibility, etc. edited by L. O. Aina
246 ## - VARYING FORM OF TITLE
Title proper/short title an African perspective
260 ## - PUBLICATION, DISTRIBUTION, ETC.
Place of publication, distribution, etc. Gaborone
Name of publisher, distributor, etc. University of Botswana
Date of publication, distribution, etc. 2002
300 ## - PHYSICAL DESCRIPTION
Extent xi, 365p. : ill.
350 ## - PRICE (NR) (BK AM CF MU VM SE) [OBSOLETE]
Price 0.00
995 ## - RECOMMENDATION 995 [LOCAL, UNIMARC FRANCE]
-- 0.00
-- CBU-MAIN LIBRARY (Kitwe)
-- 1
-- 20.75
-- 1
-- OUT
-- Jul 10, 2006
-- Annex Low-Usage Collection
Holdings
Withdrawn status Lost status Source of classification or shelving scheme Damaged status Not for loan Home library Current library Shelving location Date acquired Total Checkouts Full call number Barcode Date last seen Price effective from Koha item type
          CBU-MAIN LIBRARY, KITWE. CBU-MAIN LIBRARY, KITWE.   11/30/2022   Z 699.5.R47.A258 Res 48418 11/30/2022 11/30/2022 MONOGRAPH